Geography of gender: (Record no. 3473)

MARC details
000 -LEADER
fixed length control field 00587nam a22002057a 4500
003 - CONTROL NUMBER IDENTIFIER
control field OSt
005 - DATE AND TIME OF LATEST TRANSACTION
control field 20160412172439.0
008 - FIXED-LENGTH DATA ELEMENTS--GENERAL INFORMATION
fixed length control field 160412b xxu||||| |||| 00| 0 eng d
020 ## - INTERNATIONAL STANDARD BOOK NUMBER
International Standard Book Number 0091708214
040 ## - CATALOGING SOURCE
Transcribing agency 040a
082 ## - DEWEY DECIMAL CLASSIFICATION NUMBER
Classification number 305
Item number GEO 1987
245 ## - TITLE STATEMENT
Title Geography of gender:
Remainder of title in the third world /
Statement of responsibility, etc. Janet H. Momsen, Janet Townsend
260 ## - PUBLICATION, DISTRIBUTION, ETC. (IMPRINT)
Place of publication, distribution, etc. London
Name of publisher, distributor, etc. State university of New York press
Date of publication, distribution, etc. 1987
300 ## - PHYSICAL DESCRIPTION
Extent i, 424p;
Other physical details ill :
Dimensions 12cm
504 ## - BIBLIOGRAPHY, ETC. NOTE
Bibliography, etc includes index
650 ## - SUBJECT ADDED ENTRY--TOPICAL TERM
Topical term or geographic name as entry element Gender
9 (RLIN) 611
700 ## - ADDED ENTRY--PERSONAL NAME
Personal name Momsen, Janet H.
9 (RLIN) 7756
700 ## - ADDED ENTRY--PERSONAL NAME
Personal name Townsend, Janet
9 (RLIN) 7757
942 ## - ADDED ENTRY ELEMENTS (KOHA)
Source of classification or shelving scheme Dewey Decimal Classification
Koha item type Short Loan
Holdings
Withdrawn status Lost status Source of classification or shelving scheme Damaged status Not for loan Home library Current library Date acquired Inventory number Total Checkouts Full call number Barcode Date last seen Price effective from Koha item type
    Dewey Decimal Classification     MUST Main Library MUST Main Library 12/04/2016 2000/14291   305 GEO 1987 2016-0741 12/04/2016 12/04/2016 Short Loan